000 00663nam a2200253Ia 4500
005 20260306153822.0
008 008 260114s9999 xx 000 0 eng d
020 _a9781107279452
037 _aEBOOK
040 _aCRL
040 _beng
040 _cCRL
041 _2eng
041 _aeng
084 _qCRL
100 _aEngstrom/Kernell
_91126290
245 0 _aParty Ballots, Reform, and the Transformation of America's Electoral System 1st ed
260 _bCambridge University Press
260 _c2014
650 _aPolitical Science
856 _uhttps://doi.org/10.1017/CBO9781107279452
942 _cEBOOK
999 _c1705023
_d1705023